[Event "SR 3. liga A2 2010/2011"]
[Site "?"]
[Date "2011.04.03"]
[Round "11.5"]
[White "Lajda, Dusan"]
[Black "Szekely, Stefan"]
[Result "1-0"]
[WhiteElo "1890"]
[BlackElo "1976"]
[PlyCount "59"]
[EventDate "2010.??.??"]
[WhiteTeam "Slovakia"]
[BlackTeam "II"]
[WhiteTeamCountry "SVK"]
[BlackTeamCountry "SVK"]

1. e4 d6 2. d4 Nf6 3. Nc3 g6 4. Be3 Bg7 5. f3 c6 6. Qd2 h5 7. O-O-O Be6 8. Kb1
Na6 9. Nge2 Bc4 10. Nf4 Bxf1 11. Rhxf1 Nc7 $11 12. Qe2 d5 13. e5 Nh7 14. Nd3
Na6 15. f4 e6 16. h3 Qe7 17. g4 Nf8 18. f5 gxf5 19. gxf5 exf5 20. Rxf5 Ne6 21.
Rdf1 Nd8 22. Bg5 f6 23. Bxf6 Bxf6 24. Rxf6 Nc7 25. Nf4 Qh7 26. Qf3 Kd7 27. Ng6
Re8 28. Qf5+ Nce6 29. Nf8+ Rxf8 30. Qxh7+ 1-0

[Event "SR 3. liga A2 2010/2011"]
[Site "?"]
[Date "2011.04.03"]
[Round "11.5"]
[White "Lopatievov, Alexander"]
[Black "Havlicek, Peter"]
[Result "1/2-1/2"]
[WhiteElo "1988"]
[BlackElo "1688"]
[PlyCount "36"]
[EventDate "2010.??.??"]
[WhiteTeam "Slovakia"]
[BlackTeam "II"]
[WhiteTeamCountry "SVK"]
[BlackTeamCountry "SVK"]

1. c4 e5 2. Nc3 c6 3. e4 d6 4. g3 g6 5. Bg2 Bg7 6. d3 Ne7 7. Be3 O-O 8. Nge2 f5
9. O-O Nd7 10. Qd2 Nf6 11. Bh6 Be6 12. Bxg7 Kxg7 13. b3 Qb6 14. d4 exd4 15.
Nxd4 Bg8 16. exf5 Nxf5 17. Nxf5+ gxf5 18. Qxd6 Rad8 1/2-1/2

[Event "SR 3. liga A2 2010/2011"]
[Site "?"]
[Date "2011.04.03"]
[Round "11.5"]
[White "Slaby, Jozef"]
[Black "Kastler, Peter"]
[Result "1-0"]
[WhiteElo "1865"]
[BlackElo "1711"]
[PlyCount "141"]
[EventDate "2010.??.??"]
[WhiteTeam "Slovakia"]
[BlackTeam "II"]
[WhiteTeamCountry "SVK"]
[BlackTeamCountry "SVK"]

1. d4 d5 2. c4 e6 3. Nf3 Nf6 4. e3 c6 5. Bd3 Bd6 6. Nbd2 Nbd7 7. Qe2 O-O 8. h3
Re8 9. O-O e5 10. dxe5 Nxe5 11. Nxe5 Bxe5 12. Nf3 Bc7 13. Qc2 dxc4 14. Bxc4 Be6
15. b3 Bxc4 16. Qxc4 Qd5 17. Qc2 Rad8 18. Bb2 Qe4 19. Qxe4 Nxe4 20. Rfd1 Rxd1+
21. Rxd1 Rd8 22. Rxd8+ Bxd8 23. Kf1 Kf8 24. Ke2 f6 25. Nd4 Ba5 26. f3 Ng5 27.
h4 Nf7 28. Ne6+ Kg8 29. a4 Nd6 30. g4 Kf7 31. Nd4 Bb6 32. Nc2 f5 33. Ba3 c5 34.
a5 Bxa5 35. Bxc5 Nb5 36. gxf5 Bd8 37. h5 Kf6 38. e4 Kg5 39. Nd4 Nxd4+ 40. Bxd4
Bf6 41. Bxa7 Kxh5 42. Ke3 Kg5 43. Bb8 h5 44. Bf4+ Kh4 45. Bd6 Kg5 46. e5 Bd8
47. e6 Kxf5 48. e7 Bxe7 49. Bxe7 g5 50. Bd6 h4 51. Kf2 Ke6 52. Bc7 Kf5 53. Kg2
g4 54. fxg4+ Kxg4 55. b4 Kf5 56. Bd6 Ke6 57. Bf8 Kd7 58. Kh3 Kc7 59. Kxh4 Kb8
60. Kg5 Ka7 61. Kf5 Ka6 62. Ke6 Ka7 63. Kd7 Kb8 64. Bc5 Ka8 65. Kc7 b6 66. Kxb6
Kb8 67. Ka6 Ka8 $11 68. b5 Kb8 69. b6 Ka8 70. b7+ Kb8 71. Bd6# 1-0

[Event "SR 3. liga A2 2010/2011"]
[Site "?"]
[Date "2011.04.03"]
[Round "11.5"]
[White "Vepy, Ivan"]
[Black "Kosar, Mikulas ml"]
[Result "1-0"]
[WhiteElo "1935"]
[BlackElo "1889"]
[PlyCount "59"]
[EventDate "2010.??.??"]
[WhiteTeam "Slovakia"]
[BlackTeam "II"]
[WhiteTeamCountry "SVK"]
[BlackTeamCountry "SVK"]

1. e4 d5 2. exd5 Nf6 3. d4 Nxd5 4. Nf3 Bg4 5. Be2 g6 6. O-O Bg7 7. h3 Bxf3 8.
Bxf3 c6 9. Bg5 O-O 10. Qd2 Qb6 11. c3 Re8 12. Na3 Nd7 13. Rae1 e6 14. Re2 Qc7
15. Rfe1 Rac8 16. Re4 c5 17. Bh6 N7f6 18. Rh4 cxd4 19. Bxg7 Kxg7 20. Nb5 Qc5
21. Nxd4 Rcd8 22. Qg5 Qf8 23. c4 Ne7 24. Rxe6 Neg8 25. Rxf6 h6 26. Nf5+ Kh8 27.
Nxh6 Nxh6 28. Rxh6+ Kg7 29. Bd5 Rxd5 30. Rfxg6+ 1-0

[Event "SR 3. liga A2 2010/2011"]
[Site "?"]
[Date "2011.04.03"]
[Round "11.6"]
[White "Fidericky, Milan"]
[Black "Mackovic, Matus"]
[Result "1/2-1/2"]
[WhiteElo "1835"]
[BlackElo "1846"]
[PlyCount "32"]
[EventDate "2010.??.??"]
[WhiteTeam "Slovakia"]
[BlackTeam "II"]
[WhiteTeamCountry "SVK"]
[BlackTeamCountry "SVK"]

1. d4 Nf6 2. c4 g6 3. Nc3 Bg7 4. Nf3 O-O 5. e4 d6 6. Be2 Nbd7 7. O-O e5 8. dxe5
Nxe5 9. Nxe5 dxe5 10. Qxd8 Rxd8 11. Be3 c6 12. Rad1 Be6 13. Rxd8+ Rxd8 14. Rd1
Rxd1+ 15. Nxd1 Nd7 16. Nc3 f5 1/2-1/2

[Event "SR 3. liga A2 2010/2011"]
[Site "?"]
[Date "2011.04.03"]
[Round "11.6"]
[White "Kalmar, Tamas"]
[Black "Bjel, Tomas"]
[Result "1-0"]
[WhiteElo "1754"]
[BlackElo "1743"]
[PlyCount "89"]
[EventDate "2010.??.??"]
[WhiteTeam "Slovakia"]
[BlackTeam "II"]
[WhiteTeamCountry "SVK"]
[BlackTeamCountry "SVK"]

1. d4 e6 2. c4 d5 3. Nc3 Nf6 4. Nf3 h6 5. Bf4 Bd6 6. Bxd6 Qxd6 7. e3 Qb4 8. Qc2
b6 9. a3 Qd6 10. cxd5 Nxd5 11. Nb5 Qc6 12. Qxc6+ Nxc6 13. e4 a6 14. exd5 axb5
15. Bxb5 O-O 16. dxc6 Re8 17. O-O Ba6 18. Bxa6 Rxa6 19. Rac1 Rd8 20. Rfd1 Rd6
21. Rc2 b5 22. Rdc1 Rb6 23. Rc3 b4 24. axb4 Rxb4 25. b3 g5 26. h3 f6 27. Ra1
Rb6 28. Ra4 h5 29. Rac4 g4 30. Nd2 f5 31. hxg4 hxg4 32. Nf1 Ra6 33. f3 gxf3 34.
gxf3 Ra1 35. Kf2 Kf7 36. b4 Rd1 37. Ke2 R1xd4 38. Rxd4 Rxd4 39. Rd3 Rxb4 40.
Rd7+ Ke8 41. Rxc7 Kd8 42. Rd7+ Ke8 43. Rh7 Rc4 44. c7 e5 45. Ne3 1-0

[Event "SR 3. liga A2 2010/2011"]
[Site "?"]
[Date "2011.04.03"]
[Round "11.6"]
[White "Koloditsova, Renata"]
[Black "Puskas, Miroslav"]
[Result "1-0"]
[WhiteElo "1759"]
[BlackElo "1970"]
[PlyCount "59"]
[EventDate "2010.??.??"]
[WhiteTeam "Slovakia"]
[BlackTeam "II"]
[WhiteTeamCountry "SVK"]
[BlackTeamCountry "SVK"]

1. d4 d5 2. Nf3 Nf6 3. Bg5 Bf5 4. c3 Nbd7 5. Nbd2 h6 6. Bh4 c6 7. e3 g5 8. Bg3
Ne4 9. Nxe4 dxe4 10. Ne5 Nxe5 11. Bxe5 Rh7 12. Qb3 Qd7 $11 13. O-O-O e6 14. a4
Be7 15. Bc4 Kf8 16. Rhf1 h5 17. f3 exf3 18. gxf3 f6 19. Bg3 Bh3 20. Rfe1 h4 21.
Bf2 Bd6 22. Bg1 Re7 23. e4 Qc7 24. e5 fxe5 25. dxe5 Bxe5 26. Bc5 Bxh2 27. Bxe6
Bxe6 28. Qxe6 Bf4+ 29. Kb1 Rae8 30. Rd7 1-0

[Event "SR 3. liga A2 2010/2011"]
[Site "?"]
[Date "2011.04.03"]
[Round "11.6"]
[White "Markuliak, Mario"]
[Black "Hrubos, Milan"]
[Result "1/2-1/2"]
[WhiteElo "1864"]
[BlackElo "1802"]
[PlyCount "52"]
[EventDate "2010.??.??"]
[WhiteTeam "Slovakia"]
[BlackTeam "II"]
[WhiteTeamCountry "SVK"]
[BlackTeamCountry "SVK"]

1. c4 Nf6 2. Nc3 d5 3. cxd5 Nxd5 4. g3 e5 5. Bg2 Nxc3 6. bxc3 c6 7. Rb1 Bd6 8.
Nf3 O-O 9. O-O Nd7 10. d4 exd4 11. cxd4 Nf6 12. Re1 Ne4 13. Bd2 Qe7 14. Qb3 Rb8
15. Bb4 Be6 16. Bxd6 Qxd6 17. Qb4 Qxb4 18. Rxb4 a5 19. Ra4 Ra8 20. Ra3 Bd5 21.
Ne5 f6 22. Bxe4 Bxe4 23. Nd7 Rfd8 24. Nc5 Rxd4 25. Nxb7 a4 26. Nc5 Bd5 1/2-1/2

[Event "SR 3. liga A2 2010/2011"]
[Site "?"]
[Date "2011.04.03"]
[Round "11.6"]
[White "Sandor, Stefan"]
[Black "Brisudova, Veronika"]
[Result "0-1"]
[WhiteElo "1682"]
[BlackElo "1797"]
[PlyCount "62"]
[EventDate "2010.??.??"]
[WhiteTeam "Slovakia"]
[BlackTeam "II"]
[WhiteTeamCountry "SVK"]
[BlackTeamCountry "SVK"]

1. e4 c5 2. d4 cxd4 3. Qxd4 Nc6 4. Qd3 e6 5. Nf3 Bc5 6. Nc3 Qb6 7. Nd1 Nf6 8.
Be2 Nb4 9. Qc4 O-O 10. a3 d5 11. exd5 Nbxd5 12. O-O Bd7 13. Ne5 Rac8 14. Nxd7
Nxd7 15. Qb5 Qc7 16. c3 Bd6 17. h3 N7f6 18. Bf3 b6 19. Bg5 Kh8 20. Ne3 Nf4 21.
Bxf4 Bxf4 22. Qe2 Nd7 23. Ng4 Nc5 24. Rab1 Qe7 25. Ne5 f6 26. Nd3 Bb8 27. Nxc5
Rxc5 28. Rfd1 Qc7 29. Qxe6 Qh2+ 30. Kf1 Re5 31. Qd7 Qh1# 0-1

[Event "SR 3. liga A2 2010/2011"]
[Site "?"]
[Date "2011.04.03"]
[Round "11.6"]
[White "Valla, Tomas"]
[Black "Curidlo, Jan"]
[Result "1-0"]
[WhiteElo "1790"]
[BlackElo "1827"]
[PlyCount "109"]
[EventDate "2010.??.??"]
[WhiteTeam "Slovakia"]
[BlackTeam "II"]
[WhiteTeamCountry "SVK"]
[BlackTeamCountry "SVK"]

1. e4 c5 2. c3 d6 3. d4 cxd4 4. cxd4 e6 5. Nc3 a6 6. Bd3 Nf6 7. Nge2 Be7 8. f3
O-O 9. Be3 b5 10. a3 Bb7 11. Qd2 Nbd7 12. g4 Nb6 13. h4 Nc4 14. Bxc4 bxc4 15.
h5 Nd7 16. O-O-O e5 17. Kb1 Rb8 18. d5 Ba8 19. Rdg1 Nc5 20. Bxc5 dxc5 21. g5 f5
22. gxf6 Rxf6 23. Qg5 Rf7 24. Qg2 Qa5 25. Ka1 Bf6 26. Rb1 h6 27. Ng3 Rb3 28.
Qc2 Bg5 29. Nf5 Qc7 30. Rhg1 Bb7 31. Qe2 Kh8 32. Qxc4 Qb6 33. Ka2 Rb5 34. Nxb5
axb5 35. Qc3 Bf6 36. Qe3 Bg5 37. Qc3 Bf6 38. Rg2 Bc8 39. Ne3 Ra7 40. Rg6 Qd6
41. Rbg1 Bd7 42. R6g2 Qb6 43. Ng4 Bxg4 44. Rxg4 c4 45. Kb1 Rf7 46. Rg6 Qc5 47.
Qc1 Bg5 48. R6xg5 hxg5 49. Qxg5 c3 50. h6 c2+ 51. Kc1 Qe7 52. hxg7+ Kg8 53. Qh6
Rxg7 54. Rxg7+ Qxg7 55. Qxg7+ 1-0

[Event "SR 3. liga A2 2010/2011"]
[Site "?"]
[Date "2011.04.03"]
[Round "11.7"]
[White "Gubis, Vladimir"]
[Black "Brunovsky, Peter"]
[Result "0-1"]
[WhiteElo "1795"]
[BlackElo "1785"]
[PlyCount "122"]
[EventDate "2010.??.??"]
[WhiteTeam "Slovakia"]
[BlackTeam "II"]
[WhiteTeamCountry "SVK"]
[BlackTeamCountry "SVK"]

1. d4 Nf6 2. c4 g6 3. Nc3 Bg7 4. e4 d6 5. f3 O-O 6. Be3 Na6 7. Qd2 Re8 8. Bd3
c5 9. Nge2 b6 10. g4 Nb4 11. Bb1 e5 12. d5 Bd7 13. a3 Na6 14. h4 h5 15. g5 Nh7
16. Ng3 Nc7 17. Bd3 a6 18. b4 Rb8 19. Rb1 Qe7 20. Kf2 f6 21. Bc2 Rf8 22. Kg2
Rfc8 23. bxc5 bxc5 24. Ba4 Ne8 25. Bxd7 Qxd7 26. Qc2 Nf8 27. Rb3 Rxb3 28. Qxb3
Qa7 29. Rb1 Nd7 30. Qb7 Qxb7 31. Rxb7 Rc7 32. Rb3 Rc8 33. Na4 Rb8 34. Rxb8 Nxb8
35. Nb6 Kf7 36. Bd2 fxg5 37. hxg5 Bf8 38. Ne2 Be7 39. Kg3 Bd8 40. Na4 Nd7 41.
Kh4 Ng7 42. Ng1 $11 Bc7 43. Nh3 Ne8 44. Nf2 Bd8 45. Nd3 Nf8 46. Naxc5 dxc5 47.
Nxe5+ Ke7 48. Nc6+ Kd7 49. e5 Kc8 50. Nxd8 Kxd8 51. Be3 Nd7 52. f4 Ng7 53. Bd2
Nf5+ 54. Kh3 Kc8 55. Ba5 Kb7 56. Bd8 Nb6 57. e6 Nxc4 58. e7 Ncd6 59. Kh2 c4 60.
Ba5 Nxe7 61. Bc3 Nxd5 0-1

[Event "SR 3. liga A2 2010/2011"]
[Site "?"]
[Date "2011.04.03"]
[Round "11.7"]
[White "Holly, Milan"]
[Black "Vlkovic, Pavol"]
[Result "0-1"]
[WhiteElo "1862"]
[BlackElo "1840"]
[PlyCount "92"]
[EventDate "2010.??.??"]
[WhiteTeam "Slovakia"]
[BlackTeam "II"]
[WhiteTeamCountry "SVK"]
[BlackTeamCountry "SVK"]

1. Nf3 Nf6 2. b3 d6 3. Bb2 e5 4. e3 Be7 5. d4 e4 6. Nfd2 O-O 7. c4 c6 8. d5
cxd5 9. cxd5 Bg4 10. Qc2 Qa5 11. Nc3 Rc8 12. Nc4 Qd8 13. h3 Bd7 14. a4 Na6 15.
Rd1 Nb4 16. Qb1 Bf5 17. g4 Bg6 18. g5 Nd7 19. h4 Nc5 20. Be2 Nbd3+ 21. Kf1 Nxb3
22. Bxd3 exd3 23. Nd2 Nxd2+ 24. Rxd2 Qb6 25. Qa1 Qb3 26. e4 Qc4 27. f3 Bh5 28.
Rh3 a6 29. f4 b5 30. Qa2 Qxa2 31. Nxa2 Be2+ 32. Kf2 bxa4 33. Nc1 Bg4 34. Rg3
Bd7 35. Rgxd3 Bb5 36. Ra3 Rc4 37. Ke3 Rac8 38. Na2 Bd8 39. Bd4 Ba5 40. Rb2 Kf8
41. h5 Rc2 42. Rxc2 Rxc2 43. Nc3 Rh2 44. e5 Bb4 45. Ra1 Rh3+ 46. Kd2 Rd3+ 0-1

[Event "SR 3. liga A2 2010/2011"]
[Site "?"]
[Date "2011.04.03"]
[Round "11.7"]
[White "Klanica, Anton"]
[Black "Tomovicsova, Evelina"]
[Result "1-0"]
[WhiteElo "1851"]
[BlackElo "1677"]
[PlyCount "71"]
[EventDate "2010.??.??"]
[WhiteTeam "Slovakia"]
[BlackTeam "II"]
[WhiteTeamCountry "SVK"]
[BlackTeamCountry "SVK"]

1. e4 e5 2. Nf3 Nc6 3. Bb5 Nf6 4. d3 d6 5. O-O Be7 6. Bg5 O-O 7. c4 Bg4 8. h3
Bxf3 9. Qxf3 Nd4 10. Qd1 c6 11. Bxf6 Bxf6 12. Ba4 Qb6 13. Bb3 Nxb3 14. Qxb3
Qxb3 15. axb3 Bd8 16. Nc3 Bb6 17. Ra2 f5 18. b4 f4 19. Kh2 g5 20. Ne2 Rf7 21.
b3 Raf8 22. Rc2 h5 23. c5 Bc7 24. f3 a6 25. Nc3 Rd8 26. Rd1 d5 27. exd5 cxd5
28. Re2 Rf5 29. Ra1 Kf7 30. b5 Rf6 31. b4 d4 32. Ne4 Rg6 33. bxa6 bxa6 34. Rea2
Ra8 35. b5 a5 36. b6 1-0

[Event "SR 3. liga A2 2010/2011"]
[Site "?"]
[Date "2011.04.03"]
[Round "11.7"]
[White "Krchnak, Rudolf"]
[Black "Vegh, Vince"]
[Result "0-1"]
[WhiteElo "1886"]
[BlackElo "1947"]
[PlyCount "110"]
[EventDate "2010.??.??"]
[WhiteTeam "Slovakia"]
[BlackTeam "II"]
[WhiteTeamCountry "SVK"]
[BlackTeamCountry "SVK"]

1. d4 d5 2. Nc3 c6 3. Nf3 Nf6 4. Bg5 Nbd7 5. e3 h6 6. Bh4 e6 7. Bd3 Be7 8. O-O
O-O 9. Ne5 Re8 10. Ne2 Qb6 11. Rb1 Nxe5 12. dxe5 Nd7 13. Bg3 c5 14. c3 Qa5 15.
a3 a6 16. Kh1 b5 17. Ng1 Bb7 18. Qh5 Qd8 19. f4 f5 20. exf6 Bxf6 21. Nf3 d4 22.
exd4 Bxf3 23. Rxf3 cxd4 24. cxd4 Nf8 25. Be4 Rc8 26. Rd3 Rc4 27. Rbd1 Qc8 28.
Qe2 Kh8 29. Bf2 Qc7 30. Be3 Rd8 31. g4 Qf7 32. g5 Be7 33. gxh6 g6 34. Qg4 Kh7
35. Rg1 Bf6 36. Rgd1 Rdc8 37. h4 Rc2 38. R3d2 Rxd2 39. Rxd2 Rc1+ 40. Kh2 Re1
41. Rd3 Bxd4 42. Bxg6+ Nxg6 43. Bxd4 Qc7 44. Rc3 Qd6 45. Be3 Qe7 46. Kg3 Rh1
47. Qg5 Qf7 48. h5 Nh4 49. Bb6 Nf5+ 50. Kg2 Qb7+ 51. Kf2 Qxb6+ 52. Ke2 Rh2+ 53.
Kd1 Qd4+ 54. Kc1 Rh1+ 55. Kc2 Qd1# 0-1

[Event "SR 3. liga A2 2010/2011"]
[Site "?"]
[Date "2011.04.03"]
[Round "11.7"]
[White "Vach, Jozef"]
[Black "Kosar, Mikulas st"]
[Result "1-0"]
[WhiteElo "1900"]
[BlackElo "1835"]
[PlyCount "49"]
[EventDate "2010.??.??"]
[WhiteTeam "Slovakia"]
[BlackTeam "II"]
[WhiteTeamCountry "SVK"]
[BlackTeamCountry "SVK"]

1. e4 e5 2. f4 d6 3. Nf3 Bg4 4. Bc4 Nf6 5. d3 Nbd7 6. Nc3 c6 7. Qe2 b5 8. Bb3
Nc5 9. h3 Nxb3 10. axb3 h5 11. hxg4 Nxg4 12. fxe5 dxe5 13. Be3 Qc7 14. d4 Nxe3
15. Qxe3 exd4 16. Qxd4 Qg3+ 17. Qf2 Qc7 18. O-O Be7 19. Ne2 h4 20. Rad1 g5 21.
Ne5 f6 22. Ng6 Rh7 23. Nxe7 Qxe7 24. Qxf6 Qc5+ 25. Kh1 1-0

[Event "SR 3. liga A2 2010/2011"]
[Site "?"]
[Date "2011.04.03"]
[Round "11.8"]
[White "Fekete, Robert"]
[Black "Smrek, Peter"]
[Result "1-0"]
[WhiteElo "1866"]
[BlackElo "1882"]
[PlyCount "59"]
[EventDate "2010.??.??"]
[WhiteTeam "Slovakia"]
[BlackTeam "II"]
[WhiteTeamCountry "SVK"]
[BlackTeamCountry "SVK"]

1. e4 c5 2. Nf3 Nc6 3. Bb5 a6 4. Bxc6 dxc6 5. d3 g6 6. Be3 Bg7 7. c3 b6 8. h3
Nf6 9. Qc2 h6 10. O-O Qc7 11. Nbd2 Be6 12. d4 c4 13. e5 Nd7 14. Ne4 f5 15. exf6
exf6 16. Ng3 Kf7 17. Rfe1 Rhe8 18. Re2 Bd5 19. Nh4 Nf8 20. Rae1 f5 21. Ngxf5
gxf5 22. Nxf5 Be4 23. Nxh6+ Bxh6 24. Qd2 Bd3 25. Bxh6 Rxe2 26. Rxe2 Bxe2 27.
Qxe2 Re8 28. Qh5+ Ke7 29. Bg5+ Kd7 30. Qf7+ 1-0

[Event "SR 3. liga A2 2010/2011"]
[Site "?"]
[Date "2011.04.03"]
[Round "11.8"]
[White "Hornak, Pavol"]
[Black "Klimesova, Lucia"]
[Result "1-0"]
[WhiteElo "1773"]
[BlackElo "1546"]
[PlyCount "81"]
[EventDate "2010.??.??"]
[WhiteTeam "Slovakia"]
[BlackTeam "II"]
[WhiteTeamCountry "SVK"]
[BlackTeamCountry "SVK"]

1. d4 e6 2. c4 g6 3. e4 Bg7 4. Nf3 d6 5. Nc3 Nf6 6. Be2 O-O 7. O-O Nbd7 8. Qc2
Ne8 9. Be3 e5 10. Rad1 f6 11. c5 Qe7 12. Bc4+ Kh8 13. b4 exd4 14. Nd5 Qd8 15.
Nxd4 Ne5 16. Bb3 Nc6 17. Nxc6 bxc6 18. Nf4 Qe7 19. Ba4 Bd7 20. cxd6 Nxd6 21.
Bc5 f5 22. exf5 Bxf5 23. Qd2 Be4 24. f3 g5 25. Nh5 Bd5 26. Rfe1 Qd8 27. Nxg7
Kxg7 28. Qd4+ Kg8 29. Qg4 Rf4 30. Qg3 h5 31. Rxd5 cxd5 32. Bc6 Rc8 33. Bxd6
Qxd6 34. Qxg5+ Kf8 35. Bxd5 Rf7 36. Qxh5 Qb6+ 37. Kh1 Qf6 38. Qxf7+ Qxf7 39.
Bxf7 Kxf7 40. a3 Rd8 41. h3 1-0

[Event "SR 3. liga A2 2010/2011"]
[Site "?"]
[Date "2011.04.03"]
[Round "11.8"]
[White "Kahanec, Jan"]
[Black "Benkovsky, Peter"]
[Result "1/2-1/2"]
[WhiteElo "1528"]
[BlackElo "1390"]
[PlyCount "48"]
[EventDate "2010.??.??"]
[WhiteTeam "Slovakia"]
[BlackTeam "II"]
[WhiteTeamCountry "SVK"]
[BlackTeamCountry "SVK"]

1. e4 e6 2. d4 d5 3. exd5 exd5 4. Bd3 Bd6 5. Ne2 Nf6 6. Bg5 h6 7. Bh4 c6 8. Nd2
Be6 9. Nf3 Nbd7 10. Bg3 Qc7 11. Bxd6 Qxd6 12. h3 O-O 13. O-O Rfe8 14. Ng3 g6
15. Qd2 Kg7 16. Rfe1 Re7 17. Ne5 Rae8 18. f4 Ne4 19. Nxe4 dxe4 20. Bxe4 f5 21.
Bf3 Bd5 22. Bxd5 Qxd5 23. c3 Nxe5 24. fxe5 Rxe5 1/2-1/2

[Event "SR 3. liga A2 2010/2011"]
[Site "?"]
[Date "2011.04.03"]
[Round "11.8"]
[White "Kosar, Attila"]
[Black "Vogl, Zdenek"]
[Result "1-0"]
[WhiteElo "1498"]
[BlackElo "1863"]
[PlyCount "93"]
[EventDate "2010.??.??"]
[WhiteTeam "Slovakia"]
[BlackTeam "II"]
[WhiteTeamCountry "SVK"]
[BlackTeamCountry "SVK"]

1. e4 e5 2. Nf3 Nc6 3. Bc4 Be7 4. d4 exd4 5. Nxd4 Nf6 6. Nc3 a6 7. Nxc6 dxc6 8.
Qxd8+ Bxd8 9. O-O O-O 10. Bg5 b5 11. Bd3 h6 12. Bh4 Bb7 13. Rfe1 Nd7 14. Bxd8
Raxd8 15. f3 Ne5 16. Rad1 Rd7 17. Be2 Rfd8 18. Rxd7 Rxd7 19. Rd1 Rd6 20. f4 Ng6
21. g3 c5 22. e5 Rd4 23. Kf2 Ne7 24. Bf3 Bxf3 25. Kxf3 Rxd1 26. Nxd1 Nd5 27. c3
Kf8 28. Ke4 c6 29. Ne3 Nxe3 30. Kxe3 Ke7 31. Ke4 g6 32. g4 a5 33. h4 Ke6 34.
f5+ Ke7 35. b3 b4 36. c4 Kd7 37. Kf4 Ke7 38. fxg6 fxg6 39. h5 Kf7 40. Ke4 gxh5
41. gxh5 Ke6 42. Kf4 Ke7 43. Kf5 Kf7 44. e6+ Ke7 45. Ke5 Kf8 46. Kf6 Ke8 47. e7
1-0

[Event "SR 3. liga A2 2010/2011"]
[Site "?"]
[Date "2011.04.03"]
[Round "11.8"]
[White "Zajicek, Ferdinand"]
[Black "Sedlak, Rastislav"]
[Result "0-1"]
[WhiteElo "1873"]
[BlackElo "1560"]
[PlyCount "68"]
[EventDate "2010.??.??"]
[WhiteTeam "Slovakia"]
[BlackTeam "II"]
[WhiteTeamCountry "SVK"]
[BlackTeamCountry "SVK"]

1. e4 e5 2. Nf3 Nc6 3. Bc4 Nf6 4. Nc3 Bb4 5. a3 Bxc3 6. bxc3 O-O 7. d3 h6 8.
O-O d5 9. exd5 Nxd5 10. Qd2 Bg4 11. Ne1 Nf4 12. d4 Ng6 13. dxe5 Ngxe5 14. Bd3
Re8 15. f3 Nxd3 16. cxd3 Bf5 17. d4 Na5 18. Qf4 Bg6 19. Ra2 Qd5 20. Rb2 Nc4 21.
Rbf2 Qa5 22. Bb2 Re6 23. g4 Ne3 24. Ng2 Nxf1 25. Kxf1 Rae8 26. h4 Qa4 27. Qc1
Qc4+ 28. Kg1 Re2 29. h5 Rxf2 30. Kxf2 Re2+ 31. Kg3 Rc2 32. Qf4 Qe2 33. hxg6
Qxg2+ 34. Kh4 Qh1+ 0-1

[Event "SR 3. liga A2 2010/2011"]
[Site "?"]
[Date "2010.10.17"]
[Round "1.3"]
[White "Ivan, Imrich 1974"]
[Black "Mihalik, Anton"]
[Result "1-0"]
[WhiteElo "2063"]
[BlackElo "1919"]
[PlyCount "71"]
[EventDate "2010.??.??"]
[WhiteTeam "Slovakia"]
[BlackTeam "II"]
[WhiteTeamCountry "SVK"]
[BlackTeamCountry "SVK"]

1. Nf3 Nf6 2. b3 g6 3. Bb2 Bg7 4. g3 b6 5. Bg2 Bb7 6. O-O O-O 7. c4 c5 8. Nc3
e6 9. d4 cxd4 10. Qxd4 Nc6 11. Qd2 d5 12. cxd5 Nxd5 13. Nxd5 Bxb2 14. Qxb2 Qxd5
15. Rfd1 Qb5 16. a4 Qb4 17. Ng5 Qe7 18. Ne4 f5 19. Nd6 Na5 20. Nxb7 Nxb7 21.
Qe5 Rab8 22. Rac1 Nc5 23. b4 Na6 24. Qb5 Nc7 25. Qc6 Ne8 26. Rd7 Qf6 27. Rxa7
Ng7 28. h4 h5 29. Rd1 Rfd8 30. Rdd7 Rxd7 31. Rxd7 Rd8 32. Rxd8+ Qxd8 33. Qb5
Qd1+ 34. Kh2 Qd4 35. e3 Qd6 36. a5 1-0

[Event "SR 3. liga A2 2010/2011"]
[Site "?"]
[Date "2010.10.31"]
[Round "2.3"]
[White "Ivan, Imrich 1974"]
[Black "Kozinka, Roman"]
[Result "0-1"]
[WhiteElo "2063"]
[BlackElo "2049"]
[PlyCount "54"]
[EventDate "2010.??.??"]
[WhiteTeam "Slovakia"]
[BlackTeam "II"]
[WhiteTeamCountry "SVK"]
[BlackTeamCountry "SVK"]

1. Nf3 Nf6 2. d4 e6 3. Bg5 h6 4. Bh4 b6 5. e3 Bb7 6. Be2 Bb4+ 7. c3 Be7 8. O-O
O-O 9. Ne5 d6 10. Bf3 c6 11. Nd3 Nbd7 12. Nd2 Re8 13. b4 Ba6 14. Qc2 Rc8 15. a4
Bxd3 16. Qxd3 d5 17. Bg3 Nf8 18. Bd1 g5 19. f4 g4 20. e4 dxe4 21. Nxe4 Nxe4 22.
Qxe4 f5 23. Qe2 c5 24. dxc5 bxc5 25. Bb3 cxb4 26. Bxe6+ Kg7 27. Rad1 Qb6+ 0-1

[Event "SR 3. liga A2 2010/2011"]
[Site "?"]
[Date "2010.11.14"]
[Round "3.3"]
[White "Kocak, Branislav"]
[Black "Ivan, Imrich 1974"]
[Result "0-1"]
[WhiteElo "1927"]
[BlackElo "2063"]
[PlyCount "44"]
[EventDate "2010.??.??"]
[WhiteTeam "Slovakia"]
[BlackTeam "II"]
[WhiteTeamCountry "SVK"]
[BlackTeamCountry "SVK"]

1. d4 e6 2. Nf3 Nf6 3. c4 Be7 4. Nc3 O-O 5. Bg5 h6 6. Bh4 b6 7. e3 Bb7 8. Bd3
d5 9. O-O Nbd7 10. Re1 Ne4 11. Bxe7 Qxe7 12. cxd5 exd5 13. Nd2 f5 14. f3 Nxc3
15. bxc3 c5 16. Qa4 c4 17. Bf1 Nf6 18. Rab1 Qc7 19. e4 Qf4 20. Qc2 fxe4 21.
fxe4 Ng4 22. g3 Qf2+ 0-1

[Event "SR 3. liga A2 2010/2011"]
[Site "?"]
[Date "2010.12.12"]
[Round "5.3"]
[White "Ujhelyi, Matus"]
[Black "Ivan, Imrich 1974"]
[Result "1/2-1/2"]
[WhiteElo "2006"]
[BlackElo "2063"]
[PlyCount "112"]
[EventDate "2010.??.??"]
[WhiteTeam "Slovakia"]
[BlackTeam "II"]
[WhiteTeamCountry "SVK"]
[BlackTeamCountry "SVK"]

1. e4 e6 2. d4 d5 3. Nd2 dxe4 4. Nxe4 Nd7 5. Nf3 Ngf6 6. Bg5 Be7 7. Nxf6+ Bxf6
8. Qd2 h6 9. Bxf6 Qxf6 10. O-O-O O-O 11. Bd3 c5 12. Bb5 cxd4 13. Qxd4 Nb6 14.
Rhe1 Nd5 15. Qxf6 gxf6 16. g3 a6 17. Bf1 b5 18. Bg2 Bb7 19. Nh4 Rac8 20. Rd2
Rc5 21. f4 Rfc8 22. Ree2 Ba8 23. Kb1 a5 24. Nf3 a4 25. a3 b4 26. axb4 Nxb4 27.
Nd4 Bxg2 28. Rxg2 Nd5 29. Rge2 a3 30. Nb3 Rb5 31. Ka1 axb2+ 32. Kxb2 Rb6 33.
Re1 Nb4 34. Re4 Rcb8 35. Re3 f5 36. Rd4 Kg7 37. Kc1 Rc8 38. Rd2 Nd5 39. Red3
Rbc6 40. Nd4 Rc4 41. Nxf5+ exf5 42. Rxd5 Kg6 43. Rd8 R8c7 44. R8d5 Rc8 45. Kd1
Rc3 46. Rb5 R8c6 47. Rb3 R3c5 48. Kc1 Kh5 49. Kb2 Kg4 50. c3 h5 51. Rd7 Kh3 52.
Rxf7 Kxh2 53. Rg7 Rc4 54. Rg8 Kg2 55. Rg5 R6c5 56. Kc2 Kf3 1/2-1/2

[Event "SR 3. liga A2 2010/2011"]
[Site "?"]
[Date "2011.01.16"]
[Round "6.2"]
[White "Janko, Ladislav"]
[Black "Ivan, Imrich 1974"]
[Result "1-0"]
[WhiteElo "2239"]
[BlackElo "2063"]
[PlyCount "127"]
[EventDate "2010.??.??"]
[WhiteTeam "Slovakia"]
[BlackTeam "II"]
[WhiteTeamCountry "SVK"]
[BlackTeamCountry "SVK"]

1. e4 e6 2. d4 d5 3. Nd2 dxe4 4. Nxe4 Nd7 5. Nf3 Ngf6 6. Nxf6+ Nxf6 7. Ne5 Be7
8. c3 O-O 9. Be2 c5 10. O-O cxd4 11. cxd4 Nd5 12. Bf3 Bd7 13. Qb3 Bc6 14. Bd2
Bg5 15. Bxg5 Qxg5 16. Nxc6 bxc6 17. Rac1 Rab8 18. Qc2 Rfc8 19. Rfe1 h6 20. Re5
Qd8 21. b3 Nb4 22. Qd2 Qd6 23. Rec5 Rb6 24. g3 Rd8 25. a3 Nd5 26. Qc2 Ne7 27.
b4 Rbb8 28. Rd1 Rbc8 29. Qa4 Rc7 30. Ra5 Qd7 31. Ra6 Nd5 32. Qc2 Rb8 33. Rc1
Rb6 34. Ra5 Rb5 35. Bxd5 Qxd5 36. Rxb5 Qxb5 37. Qc5 a6 38. Qd6 Qb7 39. Rc5 Rc8
40. Ra5 Kh8 41. Qc5 Kg8 42. Qc4 Ra8 43. Rc5 Rc8 44. h4 Kh7 45. h5 Rd8 46. Qc2+
f5 47. g4 Qd7 48. gxf5 exf5 49. Qxf5+ Qxf5 50. Rxf5 Rxd4 51. Ra5 Rd3 52. Rxa6
Rb3 53. Ra7 Rh3 54. Ra5 Kg8 55. Kg2 Rb3 56. Ra7 Kh7 57. f3 Rb1 58. Kg3 Rc1 59.
Kf4 Re1 60. Ra6 Rh1 61. Ra5 Rh4+ 62. Ke3 g5 63. hxg6+ Kxg6 64. Rc5 1-0